|
|
|
|
| LEADER |
01082nam a2200289 a 4500 |
| 001 |
2938 |
| 003 |
BD-DhAAL |
| 005 |
20151011093338.0 |
| 008 |
151011m19819999ctua b 001 0 eng |
| 010 |
|
|
|a 81050309
|
| 020 |
|
|
|a 877625514 (pbk. : v. 3)
|
| 020 |
|
|
|a 0877623007 (pbk. : v. 1)
|
| 020 |
|
|
|z 0877623481 (pbk. : v. 2)
|
| 040 |
|
|
|a DLC
|c DLC
|d DLC
|d BD-DhAAL
|
| 050 |
0 |
0 |
|a TA418.9.C6
|b E58
|
| 082 |
0 |
0 |
|a 620.1/18
|2 19
|
| 245 |
0 |
0 |
|a Environmental effects on composite materials /
|c edited by George S. Springer.
|
| 260 |
|
|
|a Westport, CT :
|b Technomic Pub. Co.,
|c c1981
|
| 300 |
|
|
|a xxxiii, 498 p. :
|b ill. ;
|c 23 cm.
|
| 500 |
|
|
|a Vols. 2-<3 > have imprint: Lancaster, Pa.
|
| 504 |
|
|
|a Includes bibliographies and indexes.
|
| 541 |
|
|
|e 2938
|
| 650 |
|
0 |
|a Composite materials
|x Effect of environment on.
|9 15246
|
| 700 |
1 |
|
|a Springer, George S.
|9 15247
|
| 942 |
|
|
|2 ddc
|c AV
|
| 999 |
|
|
|c 35740
|d 35740
|
| 952 |
|
|
|0 0
|1 0
|2 ddc
|4 0
|6 620_100000000000000_18_ENV
|7 0
|9 56323
|a SCL
|b SCL
|c GEN
|d 2015-10-15
|e Gift: The Asia Foundation
|l 0
|o 620.118 ENV
|p 3020002938
|r 2015-10-15
|t 1
|w 2015-10-15
|y AV
|